书目信息 |
| 题名: |
MOS集成电路分析与设计基础
|
|
| 作者: | 张建人 编著 | |
| 分册: | ||
| 出版信息: | 北京 电子工业出版社 1987 |
|
| 页数: | 553页 | |
| 开本: | 20cm | |
| 丛书名: | ||
| 单 册: | ||
| 中图分类: | TN432 , TN43 | |
| 科图分类: | ||
| 主题词: | MOS集成电路 , 半导体集成电路 | |
| 电子资源: | ||
| ISBN: | ||
| 000 | 00738nam0 2200277 45 | |
| 001 | 0187006137 | |
| 005 | 20040705111908.5 | |
| 010 | @dCNY4.35 | |
| 091 | @a15290.465 | |
| 100 | @a19901117d1987 emky0chiy0121 ea | |
| 101 | 0 | @achi |
| 102 | @aCN@b110000 | |
| 105 | @ay z 000yy | |
| 106 | @ar | |
| 200 | 10 | @aMOS集成电路分析与设计基础@AMOS ji cheng dian lu fen xi yu she ji ji chu@f张建人编著 |
| 210 | @a北京@c电子工业出版社@d1987 | |
| 215 | @a553页@d20cm | |
| 606 | @aMOS集成电路 | |
| 606 | 0 | @a半导体集成电路 |
| 610 | 0 | @a集成电路 |
| 690 | @aTN432@v3 | |
| 690 | @aTN43@v3 | |
| 701 | 0 | @a张建人@Azhang jian ren@4编著 |
| 801 | 0 | @aCN@b深圳图书馆@c20040519 |
| 801 | 2 | @aCN@bNLC@c20040519 |
| 905 | @dTN43@e58@f1@b202838 | |
| MOS集成电路分析与设计基础/张建人编著.-北京:电子工业出版社,1987 |
| 553页;20cm |
| ISBN :CNY4.35 |
| ● |
| 相关链接 |
|
|
|
|
正题名:MOS集成电路分析与设计基础
索取号:TN43/58
 
预约/预借
| 序号 | 登录号 | 条形码 | 馆藏地/架位号 | 状态 | 备注 |
| 1 | 0202837 | 001353145 | 密集书库/ [索取号:TN43/58] | 在馆 | |
| 2 | 0202838 | 001940403 | 第三借阅区/ [索取号:TN43/58] | 在馆 | |
| 3 | 0202839 | 001353573 | 第二样本阅览室/ [索取号:TN43/58] | 在馆 |